| 000 | 00602nam a2200205 a 4500 | ||
|---|---|---|---|
| 005 | 20140310183548.0 | ||
| 008 | 110928s19uu xx 00 eng d | ||
| 020 | _a9780736079631 | ||
| 050 |
_aGV 346 _b.Sh55 2009 |
||
| 100 | _aShepard, Greg | ||
| 245 |
_aBigger, faster, stronger / _cGreg Shepard. |
||
| 250 | _a2nd ed. | ||
| 260 |
_aIL, USA : _bHuman Kinetics, _c2009. |
||
| 300 |
_a227 p. : _bill. ; _c27 cm. |
||
| 650 |
_aHigh school athletes _xTraining |
||
| 650 | _aSchool sports | ||
| 650 |
_aPhysical education and training _xStudy and teaching |
||
| 942 |
_cBK _2lcc _kFOR |
||
| 999 |
_c24903 _d24903 |
||